000 00448nam a2200193Ia 4500
003 3228
005 20220823111403.0
008 210817s9999 xx 000 0 und d
020 _a9780624049029
_qpaperback
040 _c3228
082 _aAF STEY
100 _a Steyn, Piet
_928188
245 0 _aTou
260 _aKaapstad
_bTafelberg
_c2010
300 _a287 pages
_c21.5 cm
521 _aAdult
546 _aAfrikaans
942 _cBK
_2ddc
_y162
_zElsie Maluleke
999 _c112436
_d112435